Fiesta del Amor Eterno en el Hogar San Jorge
Publicado:
San Jorge, núm. 77 (1r trimestre 1970), pàg 71 :
MARC
| LEADER | 00000nam a2200000Ia 4500 | ||
|---|---|---|---|
| 001 | |||
| 008 | 160829s9999 xx 000 0 cat d | ||
| 245 | |a Fiesta del Amor Eterno en el Hogar San Jorge | ||
| 260 | |a San Jorge, núm. 77 (1r trimestre 1970), pàg 71 | ||
| 610 | 2 | 0 | |a Hogar de Matrimonios Ancianos (Barcelona) |9 54701 |
| 901 | |a Arxiu | ||
| 942 | |n 1 | ||
| 952 | |0 0 |1 0 |4 0 |7 1 |9 49600 |a Arxiu |b Arxiu |d 2016-12-01 |l 0 |r 2016-12-01 00:00:00 |w 2016-12-01 |y ARXIU | ||
| 999 | |c 53442 |d 53442 | ||